000 01293nab a22002537a 4500
999 _c6344
_d6344
003 OSt
005 20260130221237.0
008 190603e xxum|||| |||| 00| 0 spa d
040 _cPJ
100 _94771
_aBaltar, Leandro
245 1 0 _aUniones convivenciales y justicia transfronteriza :
_banálisis de un caso argentino /
_cLeandro Baltar.
260 _cCiudad Autónoma de Buenos Aires :
_aThomson Reuters La Ley,
_b2025.
300 _ap. 287-298
500 _aCita: TR LALEY AR/DOC/2244/2025 Publicado en: RCCyC 2025 (Octubre).
505 _aSumario: I. Introducción.— II. Las uniones convivenciales como un modo de crear una familia.— III. Un caso para reflexionar.— IV. Reflexiones.
505 _aFallo comentado: CNCiv., sala H ~ 12/06/2025 ~ M. R., C. I. c. M. A., A. s/ fijación de compensación arts. 524, 525 CCCN.
505 _t¿Te interesa el texto completo? Solicitalo al correo: koha@justierradelfuego.gov.ar
650 0 _91497
_aCODIGO CIVIL Y COMERCIAL
650 0 _9967
_aDERECHO DE FAMILIA
650 0 _91053
_aUNIONES CONVIVENCIALES
650 0 _aDERECHO INTERNACIONAL PRIVADO
_9327
773 0 _02713
_93170
_dCiudad Autónoma de Buenos Aires : Thomson Reuters La Ley, 2015-
_tRevista Código Civil y Comercial. Nº 5 - Octubre 2025
942 _2udc
_cANA